Vi sinh vật công nghiệp
Sách gồm 3 phần trình bày những khái niệm cơ bản về vi sinh vật học, vi sinh vật học đại cương và vi sinh vật học chuyên ngành.
Kaydedildi:
| Yazar: | |
|---|---|
| Materyal Türü: | Kitap |
| Dil: | Undetermined |
| Baskı/Yayın Bilgisi: |
Hà Nội
Xây dựng
2001
|
| Konular: | |
| Etiketler: |
Etiketle
Etiket eklenmemiş, İlk siz ekleyin!
|
| Thư viện lưu trữ: | Trung tâm Học liệu Trường Đại học Cần Thơ |
|---|
| LEADER | 00792nam a2200229Ia 4500 | ||
|---|---|---|---|
| 001 | CTU_49947 | ||
| 008 | 210402s9999 xx 000 0 und d | ||
| 020 | |c 406000 | ||
| 082 | |a 660.62 | ||
| 082 | |b Ph561 | ||
| 100 | |a Lê, Xuân Phương | ||
| 245 | 0 | |a Vi sinh vật công nghiệp | |
| 245 | 0 | |c Lê Xuân Phương | |
| 260 | |a Hà Nội | ||
| 260 | |b Xây dựng | ||
| 260 | |c 2001 | ||
| 520 | |a Sách gồm 3 phần trình bày những khái niệm cơ bản về vi sinh vật học, vi sinh vật học đại cương và vi sinh vật học chuyên ngành. | ||
| 526 | |a Công nghệ vi sinh | ||
| 526 | |b CS612 | ||
| 650 | |a Industrial microbiology | ||
| 904 | |i Minh | ||
| 980 | |a Trung tâm Học liệu Trường Đại học Cần Thơ | ||